000 00798nam a2200265Ia 4500
003 OSt
005 20221005023050.0
006 a|||||r|||| 00| 0
007 ta
008 221004b |||||||| |||| 00| 0 urd d
020 _cINR 300.00
024 _a68019
037 _b2396, 29/02/2020, M.R.Publications
_cTextual
040 _aCRL
_cCRL
_burd
041 _2urd
_aurd
082 _aQ7v461,D7, 168Q8
100 _aNadvi Mueenuddin Au.
245 0 _aSairus sahaba
_b khilfaye Rashideen
260 _aAzamgarh
_bDarul musannifeen Shibli academy India
_c2018
300 _a375p.
_ccm.
490 _vVol.1
650 _aISLAM - HISTORY
942 _hQ7v461,D7, 168Q8
_cTEXL
_2cc
999 _c930515
_d930515